Fungal biology

Bibliographic Details
Format: Book
Published: Australia:Victoria : Blackwell Publishing , 2006
Subjects:

MARC

LEADER 00000cam a2200000 7i4500
001 0000003713
005 20110419.0
020 0 0 |a 1405130660 
090 0 0 |a 579.522   |b DEACON 2006 
245 0 0 |a Fungal biology   |c Deacon, J 
260 0 0 |a Australia:Victoria :   |b Blackwell Publishing ,   |c 2006 
300 |a vii, 371 p. :   |b ill. ;   |c 25 cm. 
500 0 0 |a Includes bibliographical references and index 
650 0 0 |a Fungi 
650 0 0 |a Mycology 
999 |a 007184   |b Monograph   |c Open Shelf   |e Default branch